Statistics for Marvel Heroes by Real Names #12

Click here to take the quiz!

General Stats

  • This quiz has been taken 6 times
  • The average score is 11 of 25

Answer Stats

NameAnswer% Correct
Scott SummersCyclops
100%
GrootGroot
100%
James "Rhodie" RhodesWar Machine
100%
OkoyeOkoye
67%
Jeanne-Marie BeaubierAurora
50%
MakkariHurricane
50%
Theodore "Ted" SallisMan-Thing
50%
Barbara "Bobbi" MorseMockingbird
50%
Samuel "Sam" AlexanderNova
50%
May "Mayday" ParkerSpider-Girl
50%
ErosStarfox
50%
Barnell BohuskBeak
33%
Tabitha SmithBoom-Boom
33%
unknown; overweight martial arts masterFat Cobra
33%
Eric GitterInk
33%
Talia "T.J." WagnerNocturne
33%
Vivian VisionViv Vision
33%
Franz MittelstädtBlitzkrieger
17%
Lilian CrawleyDiamond Lil
17%
JaphethMaggott
17%
Ken MackMettle
17%
unknown; geokinetic mutantPetra
17%
Amka AliyakSnowguard
17%
Laurie TrometteTransonic
17%
Ami HanWhite Fox
17%

Score Distribution

Percentile by Number Answered

Percent of People with Each Score

Your Score History

You have not taken this quiz